El perdón : una investigación filosófica /
Investigación filosófica cuyo autor busca profundizar de modo penetrante en el signficado del fenómeno del perdón, un análisis que demanda en última instancia un análisis del modo de darse la persona.
Gardado en:
| Autor Principal: | |
|---|---|
| Outros autores: | |
| Formato: | Libro |
| Idioma: | Lingua castelá |
| Publicado: |
Madrid, España :
Encuentro,
2016, c2016
|
| Edición: | 2a edición |
| Series: | (Nuevo Ensayo ;
15) |
| Temas: | |
| Etiquetas: |
Sen Etiquetas, Sexa o primeiro en etiquetar este rexistro!
|
MARC
| LEADER | 00000nam^a2200000^a^4500 | ||
|---|---|---|---|
| 001 | 000585801 | ||
| 005 | 20250521000000.0 | ||
| 009 | 20260310132736.959 | ||
| 020 | |a 978-84-9055-158-5 | ||
| 037 | |a Acervo ITESO - Biblioteca | ||
| 041 | |a ESP | ||
| 082 | |a 179. 9 |b CRE | ||
| 100 | |a Crespo, Mariano |e (autor) | ||
| 245 | 1 | 3 | |a El perdón : |b una investigación filosófica / |c M. Crespo ; pról. de J. Seifert. |
| 250 | |a 2a edición |b corregida y ampliada | ||
| 264 | 4 | |a Madrid, España : |b Encuentro, |c 2016, c2016 | |
| 300 | |a 168 p. | ||
| 336 | |a texto |b txt |2 rdacontenido | ||
| 337 | |a sin mediación |b n |2 rdamedio | ||
| 338 | |a volumen |b nc |2 rdasoporte | ||
| 440 | 1 | |a (Nuevo Ensayo ; |v 15) | |
| 520 | |a Investigación filosófica cuyo autor busca profundizar de modo penetrante en el signficado del fenómeno del perdón, un análisis que demanda en última instancia un análisis del modo de darse la persona. | ||
| 521 | |a Peticiones 2024 | ||
| 649 | |a XX | ||
| 650 | |a Perdón - |x Tema Principal | ||
| 650 | |a Virtudes | ||
| 650 | |a Etica | ||
| 650 | |a Fenomenología | ||
| 650 | |a Filosofía del Siglo XXI | ||
| 650 | |a Filosofía Española | ||
| 700 | |a Seifert, Josef |e (prólogo) | ||
| 910 | |a Fondo General | ||
| 920 | |a Impresos - Libros | ||
| 930 | |a Colección General | ||
| 905 | |a 101 | ||
| 901 | |a 0500408769 |b IT1 |c ACC |i C186228 |u 20250521 | ||
| 902 | |a https://opac.biblio.iteso.mx/vufind/Record/000585801 | ||